Medical-surgical nursing : (Record no. 19824)
[ view plain ]
| 000 -LEADER | |
|---|---|
| fixed length control field | 00700nam a2200265 a 4500 |
| 005 - DATE AND TIME OF LATEST TRANSACTION | |
| control field | 20140310183159.0 |
| 008 - FIXED-LENGTH DATA ELEMENTS--GENERAL INFORMATION | |
| fixed length control field | 021016s19uu xx 00 eng d |
| 020 ## - INTERNATIONAL STANDARD BOOK NUMBER | |
| International Standard Book Number | 9789814095761 |
| 050 ## - LIBRARY OF CONGRESS CALL NUMBER | |
| Classification number | RT 41 |
| Item number | .L87 2002 |
| 245 ## - TITLE STATEMENT | |
| Title | Medical-surgical nursing : |
| Remainder of title | clinical management for positive outcomes / |
| Statement of responsibility, etc | Joyce M. Black |
| 250 ## - EDITION STATEMENT | |
| Edition statement | 6th ed. |
| 260 ## - PUBLICATION, DISTRIBUTION, ETC. (IMPRINT) | |
| Place of publication, distribution, etc | Philippines : |
| Name of publisher, distributor, etc | Harcourt Asia Pte Ltd, |
| Date of publication, distribution, etc | 2002. |
| 300 ## - PHYSICAL DESCRIPTION | |
| Extent | 1057 p. : |
| Dimensions | 26 cm. |
| 521 ## - TARGET AUDIENCE NOTE | |
| Target audience note | |
| 650 ## - SUBJECT ADDED ENTRY--TOPICAL TERM | |
| Topical term or geographic name as entry element | Nursing |
| 650 ## - SUBJECT ADDED ENTRY--TOPICAL TERM | |
| Topical term or geographic name as entry element | Surgical nursing |
| 650 ## - SUBJECT ADDED ENTRY--TOPICAL TERM | |
| Topical term or geographic name as entry element | Psychophysiology |
| 942 ## - ADDED ENTRY ELEMENTS (KOHA) | |
| Koha item type | Books |
| Source of classification or shelving scheme | Library of Congress Classification |
| Call number prefix | Foreign |
| Withdrawn status | Lost status | Source of classification or shelving scheme | Damaged status | Home library | Current library | Shelving location | Date acquired | Source of acquisition | Total Checkouts | Full call number | Barcode | Date last seen | Copy number | Price effective from | Koha item type | Date checked out |
|---|---|---|---|---|---|---|---|---|---|---|---|---|---|---|---|---|
| Library of Congress Classification | Archives | Archives | 12/17/2013 | Donation | RT 41 .L87 2002 vol.2 | C1911 | 05/15/2018 | 3 | 12/17/2013 | Books | ||||||
| Library of Congress Classification | Archives | Archives | 12/17/2013 | Donation | RT 41 .L87 2002 vol.1 | C1908 | 05/15/2018 | 2 | 12/17/2013 | Books | ||||||
| Library of Congress Classification | College Library | College Library | General Circulation Section | 02/21/2007 | RT 41 .L87 2002 vol.2 | C1909 | 05/15/2018 | 1 | 10/10/2013 | Books | ||||||
| Library of Congress Classification | College Library | College Library | General Circulation Section | 12/17/2013 | 1 | RT 41 .L87 2002 vol.2 | C1315 | 05/15/2018 | 2 | 12/17/2013 | Books | 08/03/2017 | ||||
| Library of Congress Classification | College Library | College Library | General Circulation Section | 12/17/2013 | RT 41 .L87 2002 vol.1 | C1910 | 05/15/2018 | 1 | 12/17/2013 | Books | ||||||
| Library of Congress Classification | College Library | College Library | General Circulation Section | 12/17/2013 | RT 41 .L87 2002 vol.1 | C1314 | 05/15/2018 | 3 | 12/17/2013 | Books |